| 000 | 00812nam a2200253Ia 4500 | ||
|---|---|---|---|
| 003 | OSt | ||
| 005 | 20250603113234.0 | ||
| 008 | 210716s2016 xx 000 0 und d | ||
| 020 | _a9789352132966 | ||
| 040 | _cAIMIT LIBRARY | ||
| 041 | _aeng | ||
| 082 |
_a005.7402 _21 _bMYEJ |
||
| 100 |
_aMyers, Jason. _9212530 |
||
| 245 |
_aEssentials sql alchemy / _cBy Jason Myers and Rick Copeland. |
||
| 250 | _a1st ed. | ||
| 260 |
_aNew Delhi : _bShroff Publishers and Distributors Pvt Ltd , _c2016. |
||
| 300 |
_axix,182 p.; _bPB _c24 cm. |
||
| 650 |
_aWorking with data via sql alchemy core _9212531 |
||
| 650 |
_aExceptions and transactions _9212532 |
||
| 650 |
_aBuilding migrations _9212533 |
||
| 650 |
_aControlling alembic _9212534 |
||
| 700 |
_aCopeland, Rick. _9212535 |
||
| 942 |
_2ddc _cBK _k005.7402 MYEJ |
||
| 999 |
_c195263 _d195263 |
||